Statistics for All Songs - Sematary & The Haunted Mound

Click here to take the quiz!

General Stats

  • This quiz has been taken 87 times
    (20 since last reset)
  • The average score is 95 of 178

Answer Stats

HintAnswer% Correct
Grave House (Sematary & Ghost Mountain)New Rocks
100%
Rainbow Bridge (Sematary)Bunny Suit (feat. Ghost Mountain)
91%
Rainbow Bridge 3 (Sematary)Truey Jeans
91%
Warboy (Sematary)AK47
82%
Grave House (Sematary & Ghost Mountain)Broken Angel Hospital
82%
Hundred Acre Wrist (Sematary & Ghost Mountain)Goodbye Horses
82%
Hundred Acre Wrist (Sematary & Ghost Mountain)Louisville Slugger
82%
Warboy (Sematary)Redbull Addict
82%
Rainbow Bridge (Sematary)Slaughter House
82%
Rainbow Bridge (Sematary)Toolbox (feat. Ghost Mountain & God's Wisdom)
82%
Rainbow Bridge 2 (Sematary) | Rainbow Bridge 3 (Sematary)Toothtaker
82%
Hundred Acre Wrist (Sematary & Ghost Mountain)Tourniquet
82%
Warboy (Sematary)10,000 Weeping Choirs
73%
Rainbow Bridge (Sematary)Arson (feat. Ghost Mountain)
73%
Rainbow Bridge (Sematary)Cemetery
73%
Hundred Acre Wrist (Sematary & Ghost Mountain)Cleaver Valley
73%
Rainbow Bridge 3 (Sematary)Come With Me To Hell
73%
Rainbow Bridge (Sematary)Dental Floss
73%
Warboy (Sematary)Forever Box (feat. Ego Mackey)
73%
Rainbow Bridge 2 (Sematary)Forever Intro
73%
Rainbow Bridge 2 (Sematary)Funeral (feat. Ghost Mountain)
73%
Grave House (Sematary & Ghost Mountain)Fury Road
73%
Grave House (Sematary & Ghost Mountain)Fury Road 2
73%
Rainbow Bridge 3 (Sematary)God's Light Burns Upon My Flesh
73%
Warboy (Sematary)Hail Mary
73%
Hundred Acre Wrist (Sematary & Ghost Mountain)Heffalumps
73%
Rainbow Bridge 2 (Sematary)Hogs (feat. Ghost Mountain)
73%
Screaming Forest (Sematary)I Hail The Night
73%
Rainbow Bridge 3 (Sematary)Murder Ride
73%
Rainbow Bridge 2 (Sematary)My Cutter
73%
Hundred Acre Wrist (Sematary & Ghost Mountain)Nazgul
73%
Grave House (Sematary & Ghost Mountain)Nevada
73%
Grave House (Sematary & Ghost Mountain)Orbs
73%
Rainbow Bridge (Sematary)Pain (feat. Ghost Mountain)
73%
Grave House (Sematary & Ghost Mountain)Ready for the House
73%
Screaming Forest (Sematary)Scarecraw (feat. Buckshot)
73%
Rainbow Bridge 2 (Sematary)Skellingtons (feat. Juju)
73%
Rainbow Bridge 3 (Sematary)Skincarver
73%
Grave House (Sematary & Ghost Mountain)Skin Mask
73%
Rainbow Bridge 2 (Sematary)Skinwalker (feat. Slug † Christ)
73%
Grave House (Sematary & Ghost Mountain)Stand Your Ground
73%
Hundred Acre Wrist (Sematary & Ghost Mountain)Taxidermy
73%
Bloody Angel (Sematary)Bloody Angel
64%
Rainbow Bridge 3 (Sematary)Chainsaw Party
64%
Rainbow Bridge 2 (Sematary)Chandelier (feat. Ghost Mountain)
64%
Rainbow Bridge 3 (Sematary)Creepin' Thru Da Woods
64%
Hundred Acre Wrist (Sematary & Ghost Mountain)Deer God
64%
Rainbow Bridge 2 (Sematary)Desecration (feat. Ghost Mountain)
64%
Rainbow Bridge 2 (Sematary)Duster Huffer
64%
Rainbow Bridge 3 (Sematary)Forest Fire (feat. Buckshot)
64%
Grave House (Sematary & Ghost Mountain)Goat Man
64%
Rainbow Bridge 3 (Sematary)Goin' Mordum (feat. Ghost Mountain)
64%
Butcher House (Sematary)Haunted Mound Reapers (feat. Hackle)
64%
Bloody Angel (Sematary)Headlights
64%
Screaming Forest (Sematary)Hocky Mask
64%
Rainbow Bridge 3 (Sematary)I'm A Sinner
64%
Rainbow Bridge (Sematary)I'm Reloading
64%
Grave House (Sematary & Ghost Mountain)Interstate
64%
Burning Barn (Buckshot)Long Walk Home (feat. Turnabout)
64%
Bloody Angel (Sematary)Mordor
64%
Rainbow Bridge 2 (Sematary)Red Mist
64%
Rainbow Bridge (Sematary)Reverence
64%
Rainbow Bridge 2 (Sematary)Scissor Hands
64%
Rainbow Bridge (Sematary)Shotgun (feat. Ghost Mountain)
64%
Hundred Acre Wrist (Sematary & Ghost Mountain)Sigil
64%
Warboy (Sematary)Skulls
64%
Screaming Forest (Sematary)Spirits (feat. Hackle)
64%
Rainbow Bridge (Sematary)The Great Mothman - Bonus Track
64%
Butcher House (Sematary) | Rainbow Bridge 2 (Sematary)We Don't Dial 911
64%
Rainbow Bridge 3 (Sematary)Witching Hour
64%
Butcher House (Sematary)Babayaga
55%
GUNSMITH THA MIXTAPE (Hackle)Bakelite
55%
Burning Barn (Buckshot)Barn Owls (feat. Sematary)
55%
Bloody Angel (Sematary)Benadryl Angyl
55%
Obscura Noctis Mors (Turnabout)Better Off Alone
55%
Burning Barn (Buckshot)Break The Dawn
55%
Rainbow Bridge (Sematary)Creatine
55%
Rainbow Bridge 3 (Sematary)Crucifixion
55%
Grave House (Sematary & Ghost Mountain)Dead by Dawn
55%
GUNSMITH THA MIXTAPE (Hackle)Gunsmith
55%
GUNSMITH THA MIXTAPE (Hackle)Hackle
55%
Burning Barn (Buckshot)Hallow'd Ground (feat. Sematary)
55%
Butcher House (Sematary)Hallowed Be My Wrist (feat. Black Kray, Hackle & Turnabout)
55%
Burning Barn (Buckshot)In The Morning
55%
Hundred Acre Wrist (Sematary & Ghost Mountain)Johnny Cutter
55%
Screaming Forest (Sematary)Kamakrazee
55%
Burning Barn (Buckshot)Keepe Out
55%
King Of The Graveyard (Sematary)King Of The Graveyard
55%
Lord Of Ephraim (Turnabout)Lord Of Ephraim
55%
Screaming Forest (Sematary)Moon Shine
55%
Rainbow Bridge 3 (Sematary)Necromanser
55%
Cutter Lane (Turnabout)Olde Highway 28
55%
Burning Barn (Buckshot)Over The Hills
55%
Screaming Forest (Sematary)Redwoods (feat. Hackle)
55%
Burning Barn (Buckshot)Revenant
55%
Screaming Forest (Sematary)Rituals
55%
Screaming Forest (Sematary)Willows
55%
King Of The Graveyard (Sematary)3AM Gang (feat. Turnabout)
45%
Bloody Angel (Sematary)Barrow Wights (feat. Wicca Phase)
45%
Cutter Lane (Turnabout)Bolos
45%
Butcher House (Sematary)Burn A Cop Car
45%
King Of The Graveyard (Sematary)Cutter In The Club
45%
Bloody Angel (Sematary)Dead Trees (feat. Buckshot)
45%
Cutter Lane (Turnabout)Does (feat. Hackle)
45%
GUNSMITH THA MIXTAPE (Hackle)Dumbo (feat. Buckshot)
45%
Bloody Angel (Sematary)Get Money 'N Die
45%
Haunted Nation (Hackle)Get Sum
45%
Burning Barn (Buckshot)Haunted Hayride
45%
King Of The Graveyard (Sematary)House Of The Dead
45%
Cutter Lane (Turnabout)Husqrider
45%
Burning Barn (Buckshot)If I Had a Gun
45%
Butcher House (Sematary)Little Lamb
45%
Screaming Forest (Sematary)Longhorns
45%
Obscura Noctis Mors (Turnabout)Luctus Mane
45%
Rainbow Bridge 3 (Sematary)Meet By The River
45%
Lord Of Ephraim (Turnabout)Nightmare Whip (feat. Hackle)
45%
GUNSMITH THA MIXTAPE (Hackle)Nothing
45%
GUNSMITH THA MIXTAPE (Hackle)On Tha Mound
45%
Cutter Lane (Turnabout)Sickle (feat. Sematary)
45%
Rainbow Bridge 3 (Sematary)Skin Mask 2
45%
Bloody Angel (Sematary)Smoke Machine
45%
Butcher House (Sematary)Smokin Out Da Grave
45%
Butcher House (Sematary)Suffer (feat. Buckshot)
45%
Obscura Noctis Mors (Turnabout)Tec-9
45%
GUNSMITH THA MIXTAPE (Hackle)Tha Ground (feat. Sematary)
45%
GUNSMITH THA MIXTAPE (Hackle)Turnadraco (Turnabout Interlude) (feat. Turnabout)
45%
Bloody Angel (Sematary)Wendigo
45%
Lord Of Ephraim (Turnabout)Window
45%
GUNSMITH THA MIXTAPE (Hackle)1 Trillion Bars
36%
Butcher House (Sematary)Angelmakers (feat. Turnabout)
36%
Bloody Angel (Sematary)Black Wings My Team (feat. Lil Flash)
36%
Cutter Lane (Turnabout)Brethren (feat. Sematary & Buckshot)
36%
Bloody Angel (Sematary)Buryd My Heart
36%
Lord Of Ephraim (Turnabout)Catacombs Freestyle (feat. Sematary)
36%
Lord Of Ephraim (Turnabout)Chalice (feat. Black Kray)
36%
Cutter Lane (Turnabout)Coffin Town (feat. Hackle)
36%
Bloody Angel (Sematary)Demon In Pain
36%
Lord Of Ephraim (Turnabout)Gizzard Diamonds
36%
Butcher House (Sematary)Go Dig My Grave
36%
Cutter Lane (Turnabout)Graveyard Party (feat. Sematary)
36%
Lord Of Ephraim (Turnabout)Grimace
36%
Butcher House (Sematary)Hate And Gasoline
36%
Bloody Angel (Sematary)Hearse Trucks
36%
Rainbow Bridge 2 (Sematary)Hearsin'
36%
Bloody Angel (Sematary)Hockey Mask 2 (feat. Hackle)
36%
King Of The Graveyard (Sematary)I Don't Care About Sleep Anymore
36%
Butcher House (Sematary)In Tha Field Where I Found U
36%
Haunted Nation (Hackle)Left My Heart in Houston
36%
GUNSMITH THA MIXTAPE (Hackle)No Sights
36%
GUNSMITH THA MIXTAPE (Hackle)Now
36%
Bloody Angel (Sematary)Parking Lot Scarecrow
36%
Bloody Angel (Sematary)Sacrifyce
36%
Burning Barn (Buckshot)Sawmill
36%
Cutter Lane (Turnabout)Till Death Do of Me
36%
GUNSMITH THA MIXTAPE (Hackle)Wanted Maniacs (feat. Turnabout)
36%
Cutter Lane (Turnabout)Where The Fire Burns
36%
Lord Of Ephraim (Turnabout)Crows
27%
Haunted Nation (Hackle)de_dust2
27%
Lord Of Ephraim (Turnabout)Eternal Thuggin (feat. Sematary)
27%
Lord Of Ephraim (Turnabout)Feel Like God (feat. Buckshot)
27%
Haunted Nation (Hackle)Fun All Night
27%
Lord Of Ephraim (Turnabout)Hunt
27%
Lord Of Ephraim (Turnabout)Kiss My Hands
27%
Haunted Nation (Hackle)Lash Out (feat. Sematary)
27%
Obscura Noctis Mors (Turnabout)Leave Your Things Behind (feat. Gonerville)
27%
Haunted Nation (Hackle)Make You Dance
27%
Lord Of Ephraim (Turnabout)Play In Your Blood (feat. Gonerville)
27%
Haunted Nation (Hackle)Tose
27%
Haunted Nation (Hackle)Winning Team
27%
Lord Of Ephraim (Turnabout)Bow Bow Bow
18%
Haunted Nation (Hackle)Casket City (feat. Turnabout)
18%
Lord Of Ephraim (Turnabout)Early Morning Ritual
18%
Haunted Nation (Hackle)Last Chapter
18%
Haunted Nation (Hackle)No Reason
18%
Lord Of Ephraim (Turnabout)On The Road (feat. Sematary)
18%
Lord Of Ephraim (Turnabout)Run From Turn
18%

Score Distribution

Percentile by Number Answered

Percent of People with Each Score

Your Score History

You have not taken this quiz since the last reset